| 000 | 00574nam a2200157Ia 4500 | ||
|---|---|---|---|
| 008 | 151213s9999 xx 000 0 und d | ||
| 100 | _aমানিক বন্ধোপাদ্যায় | ||
| 245 |
_aশেষ্ঠ উপন্যাস _cমানিক বন্ধোপাদ্যায় |
||
| 250 | _a১ম সং | ||
| 260 |
_aঢাকা _bতোফাজ্জল হোসেন _c2008 |
||
| 300 | _a8334 p. | ||
| 650 | _aBangla | ||
| 650 | _aউপন্যাস | ||
| 700 | _aমানিক বন্ধোপাদ্যায় | ||
| 999 |
_c4176 _d4176 |
||